000 00746nam a22002057a 4500
999 _c18371
_d18371
003 AR-CdUCM
008 190513b ||||| |||| 00| 0 spa d
040 _aMUNICIPALIDAD PROVINCIAL DEL CUSCO
_cBIBLIOTECA MUNICIPAL DEL CUSCO
082 _a364 /
_bP26
100 _aParmelee, Maurice.
_938914
245 _aCriminología /
260 _c1925.
_aMadrid :
_bReus,
300 _a508 páginas ;
_c21 cm.
505 _aContenido : Naturaleza y evolución del delito -- Factores cronológicos del medio ambiente -- Rasgos y tipos delincuentes -- Jurisprudencia criminal -- Penología ...
650 _aDerecho pena.
_938915
650 _aCriminología.
_97441
650 _aDerecho civil.
_97386
942 _2ddc
_cLIBROS
945 _arum
_d2019-05-13